| 000 | 01421nam a2200349 i 4500 | ||
|---|---|---|---|
| 001 | 000021039 | ||
| 003 | DO-SdBNP | ||
| 005 | 20251120082856.0 | ||
| 007 | ta | ||
| 008 | 100830s1995 dr c 010 0 spa d | ||
| 040 |
_aDO-SdBNP _bspa _cBNPHU _erda |
||
| 041 | _aspa | ||
| 082 | 4 |
_a923.27291 _bM378ro _222 |
|
| 100 | 1 |
_aRodríguez Demorizi, Emilio, _d1908-1986 _eautor _4aut. _91039 |
|
| 245 | 1 | 4 |
_aLos tres viajes de Martí a Santo Domingo / _cEmilio Rodríguez Demorizi ; presentación, Raymundo Amaro Guzmán. |
| 264 | 4 |
_aSanto Domingo : _bPublicaciones ONAP, _c©1995. |
|
| 300 |
_a157 páginas : _bretratos ; _c21 cm. |
||
| 336 |
_atexto _btxt _2rdacontent |
||
| 337 |
_asin mediación _bn _2rdamedia |
||
| 338 |
_avolumen _bnc _2rdacarrier |
||
| 500 | _aPrimer centenario manifiesto de Monte Cristi (1895-1995). XXIII Feria Nacional del Libro José Martí- Máximo Gómez | ||
| 500 | _aIncluye "Cronología Dominicana de Martí" | ||
| 500 | _aIncluye referencias bibliográficas y notas al pie de las páginas | ||
| 590 | _aInventariado, 2022/ YL | ||
| 600 | 1 | 4 |
_aMartí, José, _d1853-1895 _9645 |
| 651 | 4 |
_aCuba _xHistoria _y1810-1899 _92159 |
|
| 651 | 4 |
_aCuba _xHistoria _yGuerra de independencia 1895-1898 _911019 |
|
| 651 | 4 |
_aRepública Dominicana _xHistoria _y1844-1930 _91009 |
|
| 700 | 1 |
_aAmaro Guzmán, Raymundo, _epresentación _9656 |
|
| 910 | _aValidado. Control de calidad EMS | ||
| 942 |
_2ddc _cLBS1 |
||
| 999 |
_c20542 _d20542 |
||